00611nam a2200193Ia 4500003000900000008004100009020001800050040001600068080001300084100001900097245012800116260003600244300001300280650004100293650002700334650002500361650001900386650001200405IN-BaIIA211028s9999 xx 000 0 eng d a0-387-90966-4 cIIA Library a538bBAU aBauer, Frances 0aMagnetohydrodynamics equilibrium and stability of stellaratorscFrances Bauer  aNew YorkbSpringer-Verlagc1984 ax, 196p. aAstronomy and astrophysics thesaurus aCosmic electrodynamics aMagnetohydrodynamics aPlasma physics aPlasmas